Proximal flows

Αποθηκεύτηκε σε:
Λεπτομέρειες βιβλιογραφικής εγγραφής
Κύριος συγγραφέας: Glasner, Shmuel 1945-
Μορφή: Βιβλίο
Γλώσσα:English
Δημοσίευση: Berlin : Springer-Verlag, 1976
Σειρά:Lecture notes in mathematics (Springer-Verlag) ; 517
Θέματα:
Ετικέτες: Προσθήκη ετικέτας
Δεν υπάρχουν, Καταχωρήστε ετικέτα πρώτοι!

MARC

LEADER 00000nam a2200000 i 4500
001 1/59373
008 941103s1976 eng d
020 |a 3540076891 
035 |a 1987  |l 10046069 
040 |a GR-MY-UA  |b gre  |e aacr 
041 0 |a eng 
082 0 |a 514.323 
100 1 |a Glasner, Shmuel  |d 1945- 
245 1 0 |a Proximal flows /  |c Shmuel Glasner 
260 |a Berlin :   |b Springer-Verlag,   |c 1976 
300 |a vii, 153 p.;  |c 25 cm. 
490 1 |a Lecture notes in mathematics (Springer-Verlag)  |v ; 517 
650 0 0 |a Topological dynamics. 
650 0 0 |a Lie groups. 
650 0 0 |a Harmonic functions. 
830 0 |a Lecture notes in mathematics (Springer-Verlag)  |v ; 517 
852 |a INST  |b SAMOS  |e 19941103  |h 514.323 GLA  |p 005300001701  |q 005300001701  |t BK  |y 0 
909 |a Σ  |b 007499